Student's guide to structural design / (Record no. 64697)

000 -LEADER
fixed length control field 00838pam a2200277 a 4500
001 - CONTROL NUMBER
control field 4344656
003 - CONTROL NUMBER IDENTIFIER
control field NUST - PNEC
005 - DATE AND TIME OF LATEST TRANSACTION
control field 20170116180853.0
008 - FIXED-LENGTH DATA ELEMENTS--GENERAL INFORMATION
fixed length control field 890818s1989 enka 001 0 eng
010 ## - LIBRARY OF CONGRESS CONTROL NUMBER
LC control number 89022323
020 ## - INTERNATIONAL STANDARD BOOK NUMBER
International Standard Book Number 0408053097 (Butterworth International ed.)
020 ## - INTERNATIONAL STANDARD BOOK NUMBER
International Standard Book Number 0408021713
040 ## - CATALOGING SOURCE
Original cataloging agency DLC
Transcribing agency LIBRARY
Modifying agency DLC
050 00 - LIBRARY OF CONGRESS CALL NUMBER
Classification number TA658
Item number .L38 1989
082 00 - DEWEY DECIMAL CLASSIFICATION NUMBER
Classification number 624.1771 LAV
100 1# - MAIN ENTRY--PERSONAL NAME
Personal name Lavan, S. A.
245 10 - TITLE STATEMENT
Title Student's guide to structural design /
Statement of responsibility, etc. S.A. Lavan, B.G. Fletcher.
260 ## - PUBLICATION, DISTRIBUTION, ETC.
Place of publication, distribution, etc. London ;
-- Boston :
Name of publisher, distributor, etc. Butterworths,
Date of publication, distribution, etc. 1989.
300 ## - PHYSICAL DESCRIPTION
Extent 105 p. :
Other physical details ill. ;
Dimensions 25 cm.
500 ## - GENERAL NOTE
General note Includes index.
650 #0 - SUBJECT ADDED ENTRY--TOPICAL TERM
Topical term or geographic name entry element Structural design.
General subdivision ME
700 1# - ADDED ENTRY--PERSONAL NAME
Personal name Fletcher, B. G.
906 ## - LOCAL DATA ELEMENT F, LDF (RLIN)
a 7
b cbc
c orignew
d 1
e ocip
f 19
g y-gencatlg
942 ## - ADDED ENTRY ELEMENTS (KOHA)
Source of classification or shelving scheme
Koha item type Book
Holdings
Withdrawn status Lost status Source of classification or shelving scheme Damaged status Not for loan Permanent Location Current Location Shelving location Date acquired Total Checkouts Full call number Barcode Date last seen Price effective from Koha item type
          Pakistan Navy Engineering College (PNEC) Pakistan Navy Engineering College (PNEC)       624.1771 LAV PNECLIB-017619 08/26/2015   Book
© 2023 Central Library, National University of Sciences and Technology. All Rights Reserved.